=LDR 00000nam 2200000 4500 =001 INLIS000000000034249 =005 20130612140148 =008 ***********************************ind** =035 ##$$0010-061300000034249 =041 ##$$a ind =082 ##$$a 813 =090 ##$$a 813, Kip a =100 ##$$a KIPLING, Rudyard =245 ##$$a Angkong hantu, Rudtard Kipling ; penerjemah, Anton Kurnia ; editor, M.Nimal Fata =250 ##$$a ( Seri Fiksi Klasik ) =260 ##$$a 2008 $b Bandung =300 ##$$a 80 hlm, ilus, 20 cm =650 ##$$a Fiksi Indonesia =700 ##$$a Kurnia, Anton =850 ##$$a NBPNMAT